| 000 | 00902nam0a22002531 4500 | ||
|---|---|---|---|
| 001 | rc\417910 | ||
| 005 | 20250621080337.0 | ||
| 035 | _a(NLR Aleph) 005665556 | ||
| 090 |
_a6918870 _c6918870 |
||
| 100 | _a20030616d1987 |||y0rusy50 ca | ||
| 101 | 0 | _arus | |
| 102 | _aRU | ||
| 105 | _aa ||||||||| | ||
| 200 | 1 |
_aНикарагуа: портрет в черно-красных тонах _f[Предисл. Г. Боровика _gПослесл. В. Травкина] |
|
| 210 |
_aМ. _cИзд-во Агентства печати "Новости" _d1987 |
||
| 215 |
_a386, [2] с., [16] л. ил. _cил. _d20 |
||
| 225 | 1 | _aБиблиотечка АПН | |
| 700 | 1 |
_7ca _8rus _aБелят _bМ. Ю. _f1950- _gМихаил Юрьевич _9217519 _3RU\NLR\AUTH\770217575 |
|
| 801 | 0 |
_aRU _bNLR _gpsbo |
|
| 801 | 1 |
_aRU _bELAR _2rusmarc |
|
| 852 |
_aNLR _j87-3/2313 |
||
| 942 | _cBOOK | ||
| 980 | _aNB | ||